30 Facts That Start with 'R' Quiz Stats

Quiz Updated Nov 7, 2017

Challenge
Share
Tweet
Embed
Score 0/30 Timer 05:00
0 Plays Today
Question Answer % Correct
In the cartoon series, Wile E. Coyote attempted to catch which bird?(The) Road Runner
92.6%
In the Christmas song, what is the name of the 'red-nosed reindeer'?Rudolph
91.7%
Which Hungarian inventor is famous for a cube puzzle he invented in 1974?Rubik (Ernő)
85.2%
What name is given to the ninth month of the Islamic calendar, during which Muslims fast?Ramadan
79.8%
Which bird repeatedly says 'Nevermore' in an 1845 Edgar Allan Poe poem?Raven
79.2%
Which Nevadan city describes itself as 'The Biggest Little City In The World'?Reno
77.1%
Which river forms a natural boundary between part of the U.S.A. and Mexico?Rio Grande
75.8%
Often called a diamond, what shape has four equal sides and two pairs of equal angles?Rhombus
72.7%
Who starred opposite Tom Hanks in the films 'Sleepless in Seattle' and 'You've Got Mail'?Ryan (Meg)
71.7%
The state capital of North Carolina is named after what English explorer?Raleigh (Walter)
71.4%
What is the main unit of currency in India?Rupee
71.2%
What element, atomic number 88, was discovered by Marie and Pierre Curie in 1898?Radium
71%
Two books of the Bible are named after women, Esther and what other?Ruth
68.3%
Which weapon from the board game 'Clue'/'Cluedo' is also a Beatles album?Revolver
66%
In Richard Adams' 'Watership Down', what type of animal are Fiver, Hazel and Bigwig?Rabbits
65.8%
Question Answer % Correct
Which Russian mystic and advisor to the Romanovs was assassinated in 1916?Rasputin (Grigori)
56.9%
Which US President had a son called Kermit (full name needed)?Roosevelt (Theodore)
56.3%
What New Mexico city is famous for an alleged U.F.O. landing in 1947?Roswell
54.5%
Which US composer collaborated on many musicals with Oscar Hammerstein II?Rodgers (Richard)
53.5%
What disease, a softening of the bones, is caused by a deficiency of vitamin D?Rickets
50.4%
Iceland's capital is the most northerly in the world. What is it named?Reykjavík
49.3%
What fruit is the basis of a melba sauce?Raspberry
49.3%
Which Barbadian singer, known by one name, has the surname Fenty?Rihanna
48.5%
'Clio', 'Megane' and 'Twingo' are models of car produced by which automobile manufacturer?Renault
47.9%
Named after a seed merchant, what biennial golf tournament is contested between Europe and the U.S.A.?Ryder Cup
45.8%
What 1992 film was the first to be directed by Quentin Tarantino?Reservoir Dogs
43.1%
The Estadio Santiago Bernabéu is the home ground of which football/soccer club?Real Madrid
41.7%
Clint Eastwood shot to fame playing Rowdy Yates in what 1950s/60s TV series?Rawhide
36.9%
Because of their haircut, what name was given to Parliamentary supporters in the English Civil War?Roundheads
32.5%
In what French city was Joan of Arc burned at the stake in 1431?Rouen
21.5%

You're not logged in!

Compare scores with friends on all Sporcle quizzes.
Join for Free
OR
Log In

You Might Also Like...

Show Comments

Extras

Top Quizzes Today


Score Distribution

Your Account Isn't Verified!

In order to create a playlist on Sporcle, you need to verify the email address you used during registration. Go to your Sporcle Settings to finish the process.

Report this User

Report this user for behavior that violates our Community Guidelines.

Details: